<The> Nuclear Black Market Global Organized Crime Project
Salvato in:
| Altri autori: | |
|---|---|
| Natura: | Libro |
| Lingua: | inglese |
| Pubblicazione: |
Washington
Center for Strategic and International Studies
1996
|
| Edizione: | 1. ed. |
| Soggetti: | |
| Tags: |
Nessun Tag, puoi essere il primo ad aggiungerne!!
|
MARC
| LEADER | 00000nam a2200000 4500 | ||
|---|---|---|---|
| 001 | c020121 | ||
| 005 | 20221205125509.6 | ||
| 020 | |a 0-89206-287-8 | ||
| 041 | 0 | |a eng | |
| 044 | |a US | ||
| 245 | 1 | 0 | |a <The> Nuclear Black Market |b Global Organized Crime Project |c Hl. zost. William H. Webster |
| 250 | |a 1. ed. | ||
| 264 | 1 | |a Washington |b Center for Strategic and International Studies |c 1996 | |
| 300 | |a 49 s. | ||
| 610 | 2 | 0 | |a technika jadrová |
| 610 | 2 | 0 | |a priemysel zbrojársky |
| 610 | 2 | 0 | |a armáda |
| 610 | 2 | 0 | |a zbrane |
| 610 | 2 | 0 | |a obchod čierny |
| 610 | 2 | 0 | |a obchod nezákonný |
| 610 | 2 | 0 | |a kriminalita |
| 610 | 2 | 0 | |a kriminalita hospodárska |
| 610 | 2 | 0 | |a ZSSR |
| 610 | 2 | 0 | |a Spoločenstvo nezávislých štátov |
| 700 | 1 | |a Webster, William H. | |